| 000 | 01000 a2200229 4500 | ||
|---|---|---|---|
| 003 | UA-OsUOA | ||
| 005 | 20260424150215.0 | ||
| 008 | 260424b un ||||| |||| 00| 0 ukr d | ||
| 022 | _a22195521 | ||
| 040 |
_bukr _cUA-OsUOA |
||
| 041 | _aukr | ||
| 080 | _a340(082) | ||
| 090 |
_a340(082) _bЧ-24 |
||
| 245 |
_aЧасопис Київського університету права. Український науково-теоретичний часопис _bюридичний науково-теоретичний щоквартальник _cгол. ред. Ю. Л. Бошицький |
||
| 260 |
_aК. _bКУП _c2025 |
||
| 300 | _a202 с. | ||
| 650 |
_a340 Право загалом. Методи та допоміжні правничі науки _91548 |
||
| 700 | 1 |
_aБошицький Ю. Л. _eред. _924389 |
|
| 942 |
_cBK _2udc |
||
| 955 | _a1 | ||
| 999 |
_c580544 _d580544 |
||